000 00555nam a2200181Ia 4500
008 140925s9999 xx 000 0 und d
020 _a1451-740X
100 _aAleksandrović, Marko.
245 _aPhysical education and sport /
_cMarko Aleksandrović.
_h[electronic resource]
260 _bFacta Universitatis,
_cc2014.
516 _aElectronic text
650 _aJournal.
650 _aPhysical Education.
650 _aSports and Recreation.
830 _aFacta Universitatis
856 _uhttp://facta.junis.ni.ac.rs/pe/pe.html
942 _cEJ
999 _c275858
_d275858